000 00519nam a22001697a 4500
005 20251108164936.0
008 250721s9999 xx 000 0 ara d
082 1 4 _a658/احم
100 1 _aماهر، أحمد
245 1 0 _aإقتصاديات الإدارة /
264 1 _aالإسكندرية :
_bالدار الجامعية للطباعة والنشر والتوزيع،
_c[19-].
300 _a543ص
650 1 7 _aالإدارة
650 1 7 _aتقنيات الإدارة
942 _2ddc
_cBK
999 _c17998
_d17998